| 000 -CABECERA |
| Campo de control de longitud fija |
00430nam a22001457a 4500 |
| 008 - CAMPO FIJO DE DESCRIPCIÓN FIJA--INFORMACIÓN GENERAL |
| Campo de control de longitud fija |
230912b ||||| |||| 00| 0 eng d |
| 020 ## - ISBN (INTERNATIONAL STANDARD BOOK NUMBER) |
| ISBN |
9788419734020 |
| 040 ## - FUENTE DE CATALOGACIÓN |
| Agencia de catalogación original |
CDMR |
| 100 ## - ENCABEZAMIENTO PRINCIPAL--NOMBRE PERSONAL |
| 9 (RLIN) |
4879 |
| Nombre de persona |
Calçada Barres, Laura |
| 245 ## - MENCIÓN DE TÍTULO |
| Título |
Fucking New York |
| Parte restante del título |
: història dels meus límits |
| Mención de responsabilidad, etc. |
/ Laura Calçada Barres |
| 260 ## - PUBLICACIÓN, DISTRIBUCIÓN, ETC (PIE DE IMPRENTA) |
| Lugar de publicación, distribución, etc. |
Barcelona |
| Nombre del editor, distribuidor, etc. |
: Destino |
| Fecha de publicación, distribución, etc. |
, 2023 |
| 300 ## - DESCRIPCIÓN FÍSICA |
| Extensión |
388 p. |
| Dimensiones |
; 23 cm |
| 490 ## - MENCIÓN DE SERIE |
| Mención de serie |
L'Àncora |
| Número de volumen/designación secuencial |
; 285 |
| 942 ## - ELEMENTOS KOHA |
| Fuente de clasificación o esquema de ordenación en estanterías |
|
| Koha tipo de item |
Monografies |